00299nam a2200121Ia 45000030006000000080041000060400015000471000028000622450049000902600009001395460012001480050017001600STCL150530s9999 xx 000 0 und d aSTCLcSTCL aAbraham, N.T.and others aText book of economic history paper I and II c1960 aEnglish20220125165525.0